[Event "Deltalift Open"]
[Site "Tylosand"]
[Date "2015.05.16"]
[Round "8.11"]
[White "Cardilin, Tim"]
[Black "Johansson, Linus"]
[Result "0-1"]
[WhiteElo "1971"]
[BlackElo "2389"]

1.e4 e6 2.d4 d5 3.Nd2 c5 4.exd5 Qxd5 5.Ngf3 cxd4 6.Bc4 Qd6 7.O-O Nf6 8.Nb3
Nc6 9.Nbxd4 Nxd4 10.Nxd4 a6 11.c3 Qc7 12.Qe2 Bd7 13.Bg5 O-O-O 14.Bh4 Bd6 
15.Bg3 Bxg3 16.fxg3 h5 17.Rae1 e5 18.Nf5 Bxf5 19.Rxf5 Rhe8 20.Bb3 e4 21.
Qe3 Kb8 22.Rc5 Qe7 23.Qf4+ Ka8 24.Rc7 Rd7 25.Rxd7 Qxd7 26.h3 Qe7 27.Qe3 
Rd8 28.Bc2 Kb8 29.Qg5 Rd5 30.Qf4+ Re5 31.Bb3 g5 32.Qe3 Nd7 33.h4 gxh4 34.
Qf4 hxg3 35.Rxe4 Ka8 36.Rxe5 Qxe5 37.Qxe5 Nxe5 38.Bc2 Ng4 39.Bb3 f5 40.Bf7
h4 41.Kf1 Ne3+ 0-1

[Event "Deltalift Open"]
[Site "Tylosand"]
[Date "2015.05.16"]
[Round "8.12"]
[White "Dragicevic, Drazen"]
[Black "Larsson, Victor"]
[Result "1/2-1/2"]
[WhiteElo "2304"]
[BlackElo "2171"]

1.Nf3 c5 2.c4 Nc6 3.d4 cxd4 4.Nxd4 g6 5.e4 Bg7 6.Be3 Nf6 7.Nc3 O-O 8.Be2 
b6 9.Nc2 Bb7 10.Qd2 Ne5 11.f3 Rc8 12.b3 e6 13.Bg5 h6 14.Bxh6 Nxe4 15.Bxg7 
Nxd2 16.Bxe5 d6 17.Bf4 Nxf3+ 18.gxf3 Qf6 19.Bd2 Bxf3 20.O-O Qf5 21.Rxf3 
Qxc2 22.Rd1 Rc5 23.Bd3 Qb2 24.Ne4 Rf5 25.Bc3 Qxc3 26.Nxc3 Rxf3 27.Nb5 d5 
28.Kg2 Re3 29.Kf2 Rh3 30.Kg2 Re3 31.Rd2 dxc4 32.Bxc4 a6 33.Nc7 a5 34.a4 
Kg7 35.Rd7 Kf6 36.Rd6 Ke7 37.Nb5 Rd8 38.Rxd8 Kxd8 39.Nd6 f5 40.Nb5 g5 41.
Kf2 f4 42.Nd6 g4 43.Kg2 Kd7 44.Nf7 g3 45.hxg3 Rxg3+ 46.Kf2 Re3 47.Nh6 Kd6 
48.Ng4 Rc3 49.Nf6 Re3 50.Ng4 Rh3 51.Nf6 Ke7 52.Ne4 Re3 53.Nd2 Kd6 54.Nf1 
Rh3 55.Nd2 Re3 56.Nf1 1/2-1/2

[Event "Deltalift Open"]
[Site "Tylosand"]
[Date "2015.05.16"]
[Round "8.13"]
[White "Wallin, Dennis"]
[Black "Rydstrom, Tom"]
[Result "1/2-1/2"]
[WhiteElo "2142"]
[BlackElo "2291"]

1.Nf3 Nf6 2.c4 c6 3.Qc2 d5 4.d4 e6 5.g3 Nbd7 6.Bg2 Bd6 7.O-O O-O 8.Bg5 h6 
9.Bxf6 Qxf6 10.Rd1 dxc4 11.Qxc4 e5 12.Nc3 Qe7 13.d5 Nb6 14.Qb3 c5 15.Ne4 
Bd7 16.Nxd6 Qxd6 17.Qc3 Rfe8 18.Nd2 Bf5 19.e4 Bg4 20.f3 Bd7 21.b3 Rac8 22.
Bf1 Rc7 23.a4 1/2-1/2

[Event "Deltalift Open"]
[Site "Tylosand"]
[Date "2015.05.16"]
[Round "8.14"]
[White "Fries-Nielsen, Niels Jorgen"]
[Black "Djurhuus, Eivind X"]
[Result "1/2-1/2"]
[WhiteElo "2343"]
[BlackElo "2142"]

1.d4 Nf6 2.c3 e6 3.g3 d5 4.Bg2 Be7 5.Nh3 O-O 6.O-O b6 7.Nf4 Bb7 8.c4 c6 9.
b3 Nbd7 10.Bb2 Qc7 11.Nc3 dxc4 12.bxc4 e5 13.dxe5 Nxe5 14.Qa4 Ned7 15.Qc2 
Rad8 16.Rad1 1/2-1/2

[Event "Deltalift Open"]
[Site "Tylosand"]
[Date "2015.05.16"]
[Round "8.15"]
[White "Wahlstrom, Lennart"]
[Black "Lind, Jan-Olov"]
[Result "0-1"]
[WhiteElo "2136"]
[BlackElo "2245"]

1.e4 c5 2.Nf3 g6 3.d4 cxd4 4.Nxd4 Bg7 5.Nc3 Nc6 6.Be3 Nf6 7.Nb3 O-O 8.Be2 
a5 9.a4 d6 10.O-O Nb4 11.f4 d5 12.e5 Ne4 13.Nxe4 dxe4 14.Qxd8 Rxd8 15.Bb6 
Rf8 16.Bc5 Nxc2 17.Rac1 Be6 18.Nd2 e3 19.Nc4 Rac8 20.Bxe7 Bxc4 21.Rxc2 Bb3
22.Rc5 b6 23.Bxf8 bxc5 24.Bxg7 Kxg7 25.Rf3 Bxa4 26.Rxe3 Rb8 27.g4 Rxb2 28.
f5 gxf5 29.gxf5 Rb3 30.Re4 Rb4 31.Re3 Bd7 32.e6 fxe6 33.fxe6 Be8 34.Re5 a4
35.Rxc5 a3 36.Ra5 Ra4 37.Rxa4 Bxa4 38.Bc4 Kf6 39.Kf2 Bc2 40.Ba2 Bf5 0-1

[Event "Deltalift Open"]
[Site "Tylosand"]
[Date "2015.05.16"]
[Round "8.16"]
[White "Lindborg, Patrik"]
[Black "Madebrink, Lars"]
[Result "1-0"]
[WhiteElo "2130"]
[BlackElo "2236"]

1.d4 d5 2.c4 Nc6 3.cxd5 Qxd5 4.e3 e5 5.Nc3 Bb4 6.Bd2 Bxc3 7.bxc3 Qd6 8.a4 
Nge7 9.Bc1 O-O 10.Nf3 Bg4 11.Be2 Rad8 12.O-O Rfe8 13.h3 Bh5 14.Ba3 Qf6 15.
Nd2 Bxe2 16.Qxe2 Nd5 17.Qd3 Qh4 18.c4 Nf6 19.d5 e4 20.Qb3 Na5 21.Qc3 b6 
22.Bb4 Nb7 23.a5 b5 24.a6 Nd6 25.Qd4 Nxc4 26.Nxc4 bxc4 27.Qxa7 Nxd5 28.Bc5
Qg5 29.Bd4 Ra8 30.Qc5 Qd8 31.Qxc4 Re6 32.Rfd1 Rd6 33.Rdc1 h6 34.Bc5 Re6 
35.Rd1 c6 36.a7 Qc7 37.Rdb1 Kh7 38.Qa6 Nc3 39.Qb7 Qd8 40.Qxa8 Qg5 41.Qb8 
Rg6 42.g3 Qxc5 43.Re1 1-0

[Event "Deltalift Open"]
[Site "Tylosand"]
[Date "2015.05.16"]
[Round "8.17"]
[White "Malmdin, Nils-Ake"]
[Black "Angskog, Kent"]
[Result "1/2-1/2"]
[WhiteElo "2129"]
[BlackElo "2228"]

1.e4 g6 2.d4 Bg7 3.Nc3 d6 4.f4 a6 5.Nf3 b5 6.Bd3 Nd7 7.O-O c5 8.e5 cxd4 9.
Be4 Rb8 10.Nxd4 dxe5 11.Nc6 Qb6+ 12.Kh1 Ngf6 13.Nxb8 Qxb8 14.Bf3 exf4 15.
Qe2 e6 16.a4 b4 17.Na2 a5 18.Bc6 g5 19.Qb5 Qxb5 20.axb5 O-O 21.Bd2 Nd5 22.
Nc1 N7b6 23.Rd1 Nc4 24.Nd3 Bxb2 25.Nxb2 Nxb2 26.Re1 Nc4 27.Re2 Rd8 28.Be1 
Nde3 29.Bf2 e5 30.h3 Bf5 31.Bxe3 fxe3 32.g4 Bd7 33.Be4 Bxb5 34.Bd3 Bc6+ 
35.Kh2 Na3 36.Rxe3 f6 37.Kg3 Kg7 38.h4 gxh4+ 39.Kxh4 Ba4 40.Re2 Rc8 41.g5 
fxg5+ 42.Kxg5 h6+ 43.Kh4 Bxc2 44.Bxc2 Rxc2 45.Rxe5 Nc4 46.Rf5 Rh2+ 47.Kg3 
Rg2+ 1/2-1/2

[Event "Deltalift Open"]
[Site "Tylosand"]
[Date "2015.05.16"]
[Round "8.19"]
[White "Nilsson, Patrik 1978"]
[Black "Ronneland, Daniel"]
[Result "1-0"]
[WhiteElo "2127"]
[BlackElo "2213"]

1.e4 e5 2.Nf3 Nc6 3.Bc4 Bc5 4.O-O Nf6 5.d4 Nxd4 6.Nxe5 O-O 7.Be3 d5 8.exd5
b5 9.Bxd4 Bxd4 10.Qxd4 bxc4 11.Nc6 Qd6 12.Nc3 Re8 13.Rfe1 Bf5 14.Qxc4 Ng4 
15.f4 Ne3 16.Rxe3 Rxe3 17.Nb5 Qf6 18.Qd4 Qxd4 19.Ncxd4 Bd7 20.Nxc7 Rb8 21.
b3 Rc3 22.d6 Bc6 23.Re1 Kf8 24.Re7 g6 25.Kf2 Rb4 26.Nxc6 Rxc6 27.Re8+ Kg7 
28.c4 Rxd6 29.Nb5 Ra6 30.Re2 Ra5 31.Ke3 a6 32.Nc3 Rb6 33.Kd4 Rh5 34.Nd5 
Re6 35.Rxe6 fxe6 36.Nb6 Kf6 37.h3 Ke7 38.b4 Kd6 39.a4 Rf5 40.c5+ Kc6 41.
Ke4 a5 42.g4 Rf8 43.b5+ Kc7 44.Nc4 h5 45.g5 Rf5 46.Ne5 Kb7 47.c6+ Kc7 48.
Nxg6 Rc5 49.Ne5 Rc3 50.Nf3 Kd6 51.g6 Rc4+ 52.Nd4 Rc3 53.b6 Rxh3 54.c7 Kd7 
55.Nxe6 Rb3 56.Nc5+ 1-0

[Event "Deltalift Open"]
[Site "Tylosand"]
[Date "2015.05.16"]
[Round "8.20"]
[White "Blomstrom, Lars"]
[Black "Faldt, Magnus"]
[Result "1-0"]
[WhiteElo "2108"]
[BlackElo "2198"]

1.e4 c5 2.Nc3 a6 3.g3 b5 4.Bg2 Bb7 5.d3 e6 6.f4 Nf6 7.Nf3 d5 8.e5 Nfd7 9.
O-O Nc6 10.Ne2 Qc7 11.c3 a5 12.d4 g6 13.Be3 c4 14.g4 h5 15.h3 hxg4 16.hxg4
Nb6 17.Qd2 b4 18.Kf2 a4 19.Rh1 Rxh1 20.Rxh1 a3 21.Rh8 axb2 22.Qxb2 Na4 23.
Qc2 Nxc3 24.Nxc3 bxc3 25.f5 Nb4 26.Qxc3 Nd3+ 27.Kg3 O-O-O 28.fxg6 fxg6 29.
Qc2 Bb4 30.Rxd8+ Qxd8 31.Bf1 Ne1 32.Qxg6 Kb8 33.Qxe6 Nxf3 34.Kxf3 c3 35.
Qf6 Be7 36.Qg6 Qh8 37.Qh6 Qc8 38.Qh7 c2 39.Qxe7 c1=Q 40.Bxc1 Qxc1 41.Qd6+ 
Ka8 42.Qf8+ Bc8 43.Kg3 Qe1+ 44.Qf2 Qe4 45.Be2 1-0

[Event "Deltalift Open"]
[Site "Tylosand"]
[Date "2015.05.16"]
[Round "8.21"]
[White "Horbing, Stefan"]
[Black "Holst, Conny"]
[Result "0-1"]
[WhiteElo "2071"]
[BlackElo "2183"]

1.e4 d6 2.d4 Nf6 3.Nc3 Nbd7 4.Nf3 e5 5.g4 Nxg4 6.Rg1 Ngf6 7.Bc4 h6 8.a4 c6
9.a5 b5 10.axb6 Qxb6 11.Bb3 exd4 12.Na4 Qa5+ 13.Bd2 Qh5 14.Bf4 Nxe4 15.Qe2
d5 16.Nxd4 Qxe2+ 17.Kxe2 Ba6+ 18.Ke3 g5 19.Bg3 Bb7 20.f3 Nxg3 21.hxg3 
O-O-O 22.Nf5 Nc5 23.Rh1 Kb8 24.Nxc5 Bxc5+ 25.Kd2 h5 26.c3 Rde8 27.Ng7 Re3 
28.Bd1 h4 29.gxh4 Rxh4 30.Rxh4 gxh4 31.Nf5 Re5 32.Nxh4 Rh5 0-1

[Event "Deltalift Open"]
[Site "Tylosand"]
[Date "2015.05.16"]
[Round "8.22"]
[White "Kardell, Mathias"]
[Black "Backman, Andreas"]
[Result "1-0"]
[WhiteElo "1998"]
[BlackElo "2177"]

1.e4 e6 2.d4 d5 3.Nd2 Nc6 4.c3 dxe4 5.Nxe4 e5 6.d5 Nb8 7.Bc4 f5 8.Bg5 Qd7 
9.Nd2 Be7 10.Ngf3 e4 11.Ne5 Qd6 12.Bb5+ c6 13.Ndc4 Qc5 14.Qh5+ g6 15.Nxg6 
hxg6 16.Qxh8 Qxd5 17.Ne3 Qf7 18.Bxe7 Kxe7 19.Bc4 Be6 20.Bxe6 Qxe6 21.Qg7+ 
Qf7 22.Qxf7+ Kxf7 23.O-O-O Ke7 24.Nc4 Nd7 25.Rhe1 Ngf6 26.f3 Rh8 27.fxe4 
fxe4 28.Nd6 Nc5 29.b4 Na4 30.Nxe4 Nxe4 31.Rxe4+ Kf6 32.Rf1+ Kg5 33.Re5+ 
Kg4 34.h3+ Kh4 35.Rf4+ Kg3 36.Rg4+ Kf2 37.Kc2 Nb6 38.Kb3 Rd8 39.Rxg6 Rd2 
40.Rf5+ Kg1 41.Rf7 Nd5 42.Rxb7 Rd3 43.Rxc6 Kxg2 44.Rd7 1-0

[Event "Deltalift Open"]
[Site "Tylosand"]
[Date "2015.05.16"]
[Round "8.24"]
[White "Lindahl, Emil"]
[Black "Vrbanac, Damir"]
[Result "1-0"]
[WhiteElo "2171"]
[BlackElo "2014"]

1.d4 d5 2.c4 c6 3.Nf3 Nf6 4.Nc3 e6 5.e3 Bd6 6.Qc2 Nbd7 7.g4 h6 8.Bd2 b6 9.
cxd5 exd5 10.Rg1 Bb7 11.g5 hxg5 12.Rxg5 Kf8 13.O-O-O Rh5 14.Rxh5 Nxh5 15.
Qh7 Ndf6 16.Qc2 Qe7 17.h4 Bc8 18.Ng5 g6 19.Bd3 c5 20.f3 c4 21.Bf1 Bg3 22.
e4 dxe4 23.fxe4 Bg4 24.Bxc4 Bxd1 25.Kxd1 Qd7 26.Nxf7 Qxd4 27.Ne2 Qxe4 28.
Bh6+ Ke7 29.Qb3 Bd6 30.Ng5 Qe5 31.Qd3 Bc5 32.Qxg6 Rd8+ 33.Kc2 Kd7 34.Nc3 
Kc8 35.Nf7 Qh2+ 36.Kb3 Rg8 37.Qf5+ Kb8 38.Bg5 Ne8 39.Ne5 Rg7 40.Ba6 Rc7 
41.Nd7+ Rxd7 42.Qxd7 1-0

[Event "Deltalift Open"]
[Site "Tylosand"]
[Date "2015.05.16"]
[Round "8.25"]
[White "Svenn, Matti"]
[Black "Tryggestad, Andreas Garberg"]
[Result "1-0"]
[WhiteElo "2157"]
[BlackElo "2077"]

1.e4 c5 2.Nf3 e6 3.d3 d5 4.Nbd2 Nc6 5.g3 Bd6 6.Bg2 Nge7 7.O-O Qc7 8.c3 O-O
9.Nh4 f5 10.f4 Qd8 11.Re1 b5 12.Nf1 Qb6 13.exf5 Nxf5 14.Nxf5 Rxf5 15.a4 b4
16.Ne3 Rf8 17.f5 exf5 18.Bxd5+ Kh8 19.Nc4 Qc7 20.Qf3 Bd7 21.Bf4 Bxf4 22.
Qxf4 Qxf4 23.gxf4 Rab8 24.Bxc6 Bxc6 25.Re5 bxc3 26.bxc3 Rfe8 27.Rxc5 Ba8 
28.Rb5 Rbd8 29.Ne5 Kg8 30.Kf2 g6 31.Rab1 Kg7 32.c4 Kf6 33.h4 Rd6 34.Rb8 
Red8 35.c5 Rd4 36.Ke3 Bg2 37.Rxd8 Rxd8 38.Rb5 Ke6 39.Ra5 Ra8 40.Ra6+ Ke7 
41.h5 Bb7 42.Rd6 1-0

[Event "Deltalift Open"]
[Site "Tylosand"]
[Date "2015.05.16"]
[Round "8.26"]
[White "Akesson, Joel"]
[Black "Bengtsson, Jessica"]
[Result "1/2-1/2"]
[WhiteElo "2294"]
[BlackElo "2052"]

1.c4 e6 2.Nf3 d5 3.b3 Be7 4.Bb2 Bf6 5.Nc3 Ne7 6.e3 c5 7.Qc1 b6 8.cxd5 Nxd5
9.Nxd5 exd5 10.Bb5+ Bd7 11.Be2 Nc6 12.O-O O-O 13.d4 cxd4 14.Nxd4 Nxd4 15.
Bxd4 Bxd4 16.exd4 Re8 17.Ba6 Rb8 18.Bd3 Rc8 19.Qd2 Re6 20.Rac1 Rec6 21.
Rxc6 Rxc6 22.Re1 1/2-1/2

[Event "Deltalift Open"]
[Site "Tylosand"]
[Date "2015.05.16"]
[Round "8.27"]
[White "Olsen, Robin"]
[Black "Norberg, Erik"]
[Result "1/2-1/2"]
[WhiteElo "2018"]
[BlackElo "2268"]

1.d4 g6 2.c4 Bg7 3.e4 d6 4.Nc3 Nf6 5.f3 e5 6.d5 O-O 7.Be3 Nh5 8.Qd2 f5 9.
O-O-O Nd7 10.Kb1 b6 11.Nge2 f4 12.Bf2 a5 13.Nc1 Nc5 14.Nd3 Bd7 15.Nxc5 
bxc5 16.Nb5 Rf7 17.Be2 Bf8 18.a4 Be7 19.Qe1 h6 20.Rd3 Kh7 21.Rb3 Ng7 22.
Ka1 c6 23.Nc3 Rb8 24.Rxb8 Qxb8 25.Qd1 Bf8 26.Qc2 Be8 27.Rb1 Rb7 28.b3 Bd7 
1/2-1/2

[Event "Deltalift Open"]
[Site "Tylosand"]
[Date "2015.05.16"]
[Round "8.28"]
[White "Hansen, Lars"]
[Black "Andersson, Kjell-Ake"]
[Result "1-0"]
[WhiteElo "2239"]
[BlackElo "2016"]

1.d4 d5 2.c4 c6 3.cxd5 cxd5 4.Nc3 Nf6 5.Bf4 a6 6.e3 Bf5 7.Qb3 Bc8 8.Rc1 e6
9.Bxb8 Rxb8 10.Bxa6 Bd6 11.Bd3 O-O 12.Nf3 Bd7 13.O-O Ne8 14.Ne5 Bxe5 15.
dxe5 Bc6 16.Ne2 f6 17.Nd4 Bd7 18.exf6 Nxf6 19.f4 h6 20.Qb4 Ng4 21.Qd6 Qh4 
22.Nf3 Qd8 23.Rc7 Bc8 24.Qc5 Rf7 25.Rxf7 Kxf7 26.Bh7 Qe7 27.Ne5+ Nxe5 28.
fxe5+ Ke8 29.Bg6+ Kd8 30.Rf8+ 1-0

[Event "Deltalift Open"]
[Site "Tylosand"]
[Date "2015.05.16"]
[Round "8.29"]
[White "Andersson, Bjorn"]
[Black "Forsberg, Timmy"]
[Result "1/2-1/2"]
[WhiteElo "2209"]
[BlackElo "2045"]

1.e4 c5 2.Nf3 Nc6 3.d4 cxd4 4.Nxd4 Nf6 5.Nc3 e5 6.Ndb5 d6 7.Bg5 a6 8.Na3 
b5 9.Nd5 Be7 10.Bxf6 Bxf6 11.c4 b4 12.Nc2 Rb8 13.b3 Bg5 14.g3 O-O 15.Bg2 
Kh8 16.O-O f5 17.f4 exf4 18.gxf4 Bh6 19.Nce3 fxe4 20.Bxe4 g6 21.Qd3 Qh4 
22.Ng2 Qh5 23.Rae1 Bg7 24.Kh1 Nd4 25.Re3 Bd7 26.Ne7 Rbe8 27.Nd5 a5 28.Rg3 
Qe2 29.Re3 Qxd3 30.Bxd3 Bf5 31.Bxf5 Nxf5 32.Ree1 Bd4 33.Nc7 Rxe1 34.Rxe1 
Bb6 35.Nd5 Bc5 36.Re4 Kg7 37.Ne1 Kf7 38.Nd3 Bd4 39.Nc7 Bf6 40.Nf2 Rc8 41.
Nb5 d5 42.cxd5 Rc5 43.a4 bxa3 44.Nxa3 Rxd5 45.Kg2 Nh4+ 46.Kg3 Nf5+ 47.Kg2 
Nh4+ 48.Kh3 Rd2 49.Ng4 Rd3+ 50.Re3 Rxe3+ 51.Nxe3 Nf3 52.Nac4 Bc3 53.Nc2 
Nd2 54.Nxd2 Bxd2 1/2-1/2

[Event "Deltalift Open"]
[Site "Tylosand"]
[Date "2015.05.16"]
[Round "8.30"]
[White "Persson, Anders"]
[Black "Berglind, Axel"]
[Result "1-0"]
[WhiteElo "1984"]
[BlackElo "2178"]

1.d4 d5 2.c4 e6 3.Nf3 Nf6 4.g3 Be7 5.Bg2 O-O 6.O-O b6 7.b3 Bb7 8.Bb2 Nbd7 
9.Nbd2 c5 10.Re1 Ne4 11.Ne5 cxd4 12.Nxd7 Qxd7 13.Nxe4 dxe4 14.Qxd4 Qxd4 
15.Bxd4 Rfd8 16.e3 Rd7 17.Bf1 Rad8 18.Be2 Bc5 19.Bxc5 bxc5 20.Red1 f5 21.
Rxd7 Rxd7 22.Rd1 Rxd1+ 23.Bxd1 Kf7 24.Kf1 e5 25.h4 h6 26.Ke1 g5 27.hxg5 
hxg5 28.Kd2 Bc8 29.Kc3 a5 30.a3 f4 31.Bh5+ Ke7 32.Bg6 Bb7 33.b4 axb4+ 34.
axb4 Kd6 35.Kb3 cxb4 36.Kxb4 Bc6 37.Bf5 Bb7 38.Kb5 Ba8 39.Kb6 fxe3 40.fxe3
Bc6 41.Bg6 Bd7 42.Bxe4 Be6 43.c5+ Kd7 44.Bb7 1-0

[Event "Deltalift Open"]
[Site "Tylosand"]
[Date "2015.05.16"]
[Round "8.32"]
[White "Szumniak, Jedrzej"]
[Black "Karlsson, Jorgen"]
[Result "0-1"]
[WhiteElo "1962"]
[BlackElo "2161"]

1.d4 g6 2.c4 Bg7 3.Nc3 d6 4.e4 Nc6 5.Nf3 Bg4 6.Be3 e5 7.d5 Nce7 8.g3 h6 9.
Bg2 f5 10.Qc2 g5 11.h3 Bxf3 12.Bxf3 f4 13.Bh5+ Kf8 14.Bd2 Nf6 15.Be2 Nd7 
16.h4 a5 17.O-O-O Ng8 18.hxg5 hxg5 19.Rxh8 Bxh8 20.Rh1 Bg7 21.Na4 b6 22.
Bg4 Nh6 23.Be6 Qe8 24.gxf4 gxf4 25.Qd1 Ke7 26.Qg1 Qf8 27.f3 Nf6 28.Be1 Nf7
29.Bh4 Qg8 30.Nxb6 cxb6 31.Qxb6 Qb8 32.Qc6 Ra7 33.Bxf6+ Kxf6 34.Rh5 Ng5 
35.Bc8 Qc7 36.Qe8 Qxc4+ 37.Kd2 Nxf3+ 38.Kd1 Qd3+ 0-1